Boundaries and place : European borderlands in geographical context

Αποθηκεύτηκε σε:
Λεπτομέρειες βιβλιογραφικής εγγραφής
Άλλοι συγγραφείς: Kaplan, David H. 1960- (Επιμελητής έκδοσης), Hakli, Jouni (Επιμελητής έκδοσης)
Μορφή: Βιβλίο
Γλώσσα:English
Δημοσίευση: Lanham : Rowman & Littlefield, c2002
Θέματα:
Ετικέτες: Προσθήκη ετικέτας
Δεν υπάρχουν, Καταχωρήστε ετικέτα πρώτοι!

MARC

LEADER 00000nam a2200000 i 4500
001 1/103726
008 090406s2002 eng d
020 |a 0-8476-9883-1 
035 |l 10104160 
040 |a GR-MY-UA  |b gre  |e aacr 
041 0 |a eng 
082 0 |a 320.12094  |2 (22) 
245 1 0 |a Boundaries and place :  |b European borderlands in geographical context /  |c edited by David H. Kaplan and Jouni Hakli. 
260 |a Lanham :   |b Rowman & Littlefield,   |c c2002 
300 |a x, 286 σ.;  |b εικ., χάρτες;  |c 24 εκ. 
504 |a Περιέχει βιβλιογραφικές παραπομπές και ευρετήριο 
650 0 0 |a Borderlands. 
650 0 0 |a Regionalism  |z Europe. 
650 0 0 |a Minorities  |z Europe. 
650 0 0 |a National security  |z Europe. 
650 0 0 |a Territory, National  |z Europe. 
651 0 |a Europe  |x Boundaries. 
651 0 |a Europe  |x Ethnic relations. 
700 1 |a Kaplan, David H.  |c 1960-  |4 edt 
700 1 |a Hakli, Jouni.  |4 edt 
852 |a INST  |b LESVOS  |e 20090406  |h 320.12094 BOU  |p 005100044713  |q 005100044713  |t BK  |y 0 
901 |a BIBL1-2009-1 
909 |a Λ  |b 154292 
922 |a 1ΕΛΗ  |b 200809  |c ΕΠΕΑΕΚ2/ΤΓ  |d ΜΙΧΑΛΟΠΟΥΛΟΣ 
970 |a ΚΑΡΑ  |b ΓΙΑΣΕΜΗ  |z 2009/04/06